NLSUI OPAC header image

The WTO, the social clause and labour standards focus on child labour (Record no. 33669)

MARC details
000 -LEADER
fixed length control field 00413nam a2200157Ia 4500
008 - FIXED-LENGTH DATA ELEMENTS--GENERAL INFORMATION
fixed length control field 160316s9999 xxu||||| |||| 00| 0 eng d
082 ## - DEWEY DECIMAL CLASSIFICATION NUMBER
Classification number 344.013400
Item number SIN
100 ## - MAIN ENTRY--PERSONAL NAME
Personal name Sinha Pooja
245 ## - TITLE STATEMENT
Title The WTO, the social clause and labour standards focus on child labour
250 ## - EDITION STATEMENT
Edition statement
260 ## - PUBLICATION, DISTRIBUTION, ETC.
Place of publication, distribution, etc.
Name of publisher, distributor, etc.
Date of publication, distribution, etc. 0
300 ## - PHYSICAL DESCRIPTION
Extent 70
Other physical details
Dimensions
365 ## - TRADE PRICE
Price amount
650 ## - SUBJECT ADDED ENTRY--TOPICAL TERM
Topical term or geographic name entry element 1. WTO<br/>2. child labour<br/>3. labour standards
700 ## - ADDED ENTRY--PERSONAL NAME
Personal name
--
Holdings
Withdrawn status Lost status Damaged status Not for loan Home library Current library Shelving location Date acquired Total Checkouts Full call number Barcode Date last seen Price effective from Koha item type
        . .   30.05.2017   344.0134 SIN REP10771 30.05.2017 30.05.2017 Repository